000
00314 a2200145 4500
001
47993
040
_c
Anchieta - Aquarius
100
_a
GuimarĂ£es, Bernardo
240
1
0
_a
A escrava Isaura
_l
por
245
1
0
_a
A escrava Isaura
300
_a
87
362
0
_a
1971
650
4
_a
Literatura brasileira
942
_c
BK
999
_c
47993
_d
47993